Pobaltie sa snaží o vstup do EÚ Lotyšsko a Litva zaostali, možno v roku 2001 pomôže predsedajúce Švédsko
Zamietnutie odporúčania krajín druhého kola čakajúcich na vstup do Európskej únie na bližšie rokovania o členstve. Prijatie tohto rozhodnutia v Litve a Lotyšsku. Dôvody vylúčenia Lotyšska z ďalších rokovaní. Kladné hodnotenie Litvy a stále zostávajúce problémy. Požiadavka EÚ o uzavretie litovskej ja...
Saved in:
| Main Author: | |
|---|---|
| Format: | Book Chapter |
| Language: | Slovak |
| Subjects: | |
| Tags: |
No Tags, Be the first to tag this record!
|
MARC
| LEADER | 00000naa a2200000 4500 | ||
|---|---|---|---|
| 001 | r034643 | ||
| 005 | 20230824100244.3 | ||
| 041 | 0 | |a slo | |
| 044 | |a SK | ||
| 245 | 1 | 0 | |a Pobaltie sa snaží o vstup do EÚ |b Lotyšsko a Litva zaostali, možno v roku 2001 pomôže predsedajúce Švédsko |c Monika Gregorová |
| 520 | |a Zamietnutie odporúčania krajín druhého kola čakajúcich na vstup do Európskej únie na bližšie rokovania o členstve. Prijatie tohto rozhodnutia v Litve a Lotyšsku. Dôvody vylúčenia Lotyšska z ďalších rokovaní. Kladné hodnotenie Litvy a stále zostávajúce problémy. Požiadavka EÚ o uzavretie litovskej jadrovej elektrárne v Ignaline, ktorá produkuje 80 perc. elektrickej energie. Tabuľka porovnania základných ekonomických ukazovateľov pobaltských štátov. | ||
| 610 | 2 | 0 | |a integrácia ekonomická medzinárodná |
| 610 | 2 | 0 | |a spolupráca hospodárska medzinárodná |
| 610 | 2 | 0 | |a Európska únia |
| 610 | 2 | 0 | |a Lotyšsko |
| 610 | 2 | 0 | |a Litva |
| 610 | 2 | 0 | |a Estónsko |
| 610 | 2 | 0 | |a ukazovatele ekonomické |
| 610 | 2 | 0 | |a hospodárstvo národné |
| 610 | 2 | 0 | |a SVE |
| 100 | 1 | |a Gregorová, Monika | |